<?xml version="1.0" encoding="UTF-8"?>
<collection xmlns="http://www.loc.gov/MARC21/slim">
 <record>
  <leader>01442nam a2200205Ia 4500</leader>
  <controlfield tag="001">CTU_223922</controlfield>
  <controlfield tag="008">210402s9999    xx            000 0 und d</controlfield>
  <datafield tag="020" ind1=" " ind2=" ">
   <subfield code="c">844000</subfield>
  </datafield>
  <datafield tag="082" ind1=" " ind2=" ">
   <subfield code="a">332.678</subfield>
  </datafield>
  <datafield tag="082" ind1=" " ind2=" ">
   <subfield code="b">G536</subfield>
  </datafield>
  <datafield tag="100" ind1=" " ind2=" ">
   <subfield code="a">Gitman, Lawrence J.</subfield>
  </datafield>
  <datafield tag="245" ind1=" " ind2="0">
   <subfield code="a">Fundamentals of investing</subfield>
  </datafield>
  <datafield tag="245" ind1=" " ind2="0">
   <subfield code="c">Lawrence J. Gitman, Michael D. Joehnk</subfield>
  </datafield>
  <datafield tag="260" ind1=" " ind2=" ">
   <subfield code="a">Harlow</subfield>
  </datafield>
  <datafield tag="260" ind1=" " ind2=" ">
   <subfield code="c">2017</subfield>
  </datafield>
  <datafield tag="520" ind1=" " ind2=" ">
   <subfield code="a">Part I: Preparing to Invest 1. The Investment Environment 2. Securities Markets and Transactions 3. Investment Information and Securities Transactions Part II: Important Conceptual Tools 4. Return and Risk 5. The Time Value of Money 6. Modern Portfolio Concepts Part III: Investing in Common Stocks 7. Common Stocks 8. Analyzing Common Stocks 9. Stock Valuation 10. Market Efficiency and Behavioral Finance Part IV: Investing in Fixed-Income Securities 11. Fixed-Income Securities 12. Bond Valuation Part V: Portfolio Management 13. Mutual Funds and Exchange-Traded Funds 14. Managing Your Own Portfolio Part VI: Derivative Securities 15. Options: Puts and Calls 16. Futures Markets and Securities Web Chapters (at www.pearsonhighered.com/smart) 17. Investing in Preferred Stocks 18. Tax-Advantaged Investments 19. Real Estate and Other Tangible Investments</subfield>
  </datafield>
  <datafield tag="650" ind1=" " ind2=" ">
   <subfield code="a">Investments,Đầu tư</subfield>
  </datafield>
  <datafield tag="650" ind1=" " ind2=" ">
   <subfield code="x">Problems, exercises, etc.,Bài tập, bài giải,...</subfield>
  </datafield>
  <datafield tag="910" ind1=" " ind2=" ">
   <subfield code="b">vdbang</subfield>
  </datafield>
  <datafield tag="980" ind1=" " ind2=" ">
   <subfield code="a">Trung tâm Học liệu Trường Đại học Cần Thơ</subfield>
  </datafield>
 </record>
</collection>
